000
00365nam a2200133Ia 4500
003
GCL
008
140319s9999 xx 000 0 ara d
040
_a
GCL /
_c
GCL
082
0
4
_a
956.726
_b
ع ت
245
1
0
_a
تاريخ كربلاء وحائر الحسين عليه السلام
260
_a
[S.N] :
_b
دار مدبولى الصغير
300
_a
376
490
_a
999
_c
54980
_d
54980